00959nam a2200205 a 450000100100000000500170001000800410002702000180006804000250008610000350011124500750014626000400022130000360026150000700029750000420036795201110040995201050052095201110062599900170073600003918620260305073959.0130606s2013 dr ac 000 0 spa d a9789945007435 aDO-SdBNPbspacBNPHU1 aGerón, Candido,d1948-9357710aHatuey Decamps Jiménez :bsu legado político /cCándido Gerón. aSanto Domingo :aCentenario,c2013. a237 p. :bil., retrs. ;c23 cm. aIncluye datos biográficos del autor en la solapa de la cubierta aIncluye notas al pie de las páginas 0010718DSaGRbGRcCTd2013-06-06iLF1l0o p39186-30r2020-06-25te. 3w2020-06-25yLFDSZNo se presta 0010718PDaPDbPDcCTd2013-06-06iLF1l0o p39186-10r2020-06-25w2020-06-25yLFPDZNo se presta 0010718PDaPDbPDcCTd2013-06-06iLF1l0o p39186-20r2020-06-25te. 2w2020-06-25yLFPDZNo se presta c38676d38676